A first course in finite element method / (Record no. 600800)
[ view plain ]
| 000 -LEADER | |
|---|---|
| fixed length control field | 00285nam a2200109Ia 4500 |
| 008 - FIXED-LENGTH DATA ELEMENTS--GENERAL INFORMATION | |
| fixed length control field | 230907s9999||||xx |||||||||||||| ||und|| |
| 082 ## - DEWEY DECIMAL CLASSIFICATION NUMBER | |
| Classification number | 620.00151535 |
| Author Mark | LOG |
| 100 ## - MAIN ENTRY--PERSONAL NAME | |
| Personal name | Logan, Daryl L. |
| 9 (RLIN) | 63772 |
| 245 #2 - TITLE STATEMENT | |
| Title | A first course in finite element method / |
| 300 ## - PHYSICAL DESCRIPTION | |
| Extent | pages cm |
| 942 ## - ADDED ENTRY ELEMENTS (KOHA) | |
| Koha item type | Book |
| Withdrawn status | Lost status | Damaged status | Not for loan | Permanent Location | Current Location | Date acquired | Total Checkouts | Full call number | Barcode | Date last seen | Price effective from | Koha item type |
|---|---|---|---|---|---|---|---|---|---|---|---|---|
| US-Pakistan Center for Advanced Studies in Energy (USPCAS-E) | US-Pakistan Center for Advanced Studies in Energy (USPCAS-E) | 09/30/2019 | 620.00151535 LOG | CAS-E0004899 | 09/12/2023 | 09/12/2023 | Book |
